Sports Quiz

Random Sports or NFL Quiz
Score 0/16 Timer 02:00
0 Plays Today
Year Team % Correct
2007New England Patriots
98.4%
1972*Miami Dolphins
93%
1984Miami Dolphins
93%
2015 New England Patriots
90.2%
2005Indianapolis Colts
89.9%
2011Green Bay Packers
85.4%
1990*New York Giants
80.9%
1985*Chicago Bears
79.5%
Year Team % Correct
2015Carolina Panthers
77.8%
1990San Francisco 49ers
74.2%
1998*Denver Broncos
74.2%
2009Indianapolis Colts
63.8%
2008Tennessee Titans
62.4%
1975Minnesota Vikings
61.7%
1991*Washington Redskins
60.6%
2009*New Orleans Saints
58.9%
Come Together.
Have Fun.
All Virtual.
We all need to come together. Play Sporcle's virtual live trivia to have fun, connect with people, and get your trivia on. Join a live hosted trivia game for your favorite pub trivia experience done virtually. If a virtual private party is more your thing, go here for details.

You're not logged in!

Compare scores with friends on all Sporcle quizzes.
OR
Log In

Sporcle TV

Today on Sporcle TV


Watch our educational content, quiz creation guides, and fun videos on Sporcle TV.

Show Comments

Extras

Top Quizzes Today


Score Distribution

Paid Content

Your Account Isn't Verified!

In order to create a playlist on Sporcle, you need to verify the email address you used during registration. Go to your Sporcle Settings to finish the process.

Report this User

Report this user for behavior that violates our Community Guidelines.

Details: